| Tag |
First Indicator |
Second Indicator |
Subfields |
| LEADER |
00000cam a2200000 a 4500 |
| 001 |
in00001404948 |
| 005 |
20151020064056.0 |
| 008 |
970918s1998 nyu b 001 0 eng |
| 010 |
|
|
|a 97040761
|
| 020 |
|
|
|a 0815330049 (alk. paper)
|
| 035 |
|
|
|a (OCoLC)37695469
|
| 035 |
|
|
|9 AHP4456AM
|
| 040 |
|
|
|a DLC
|c DLC
|d TXA
|d UtOrBLW
|
| 049 |
|
|
|a TXAM
|
| 050 |
0 |
0 |
|a HQ1059.5.U5
|b R66 1998
|
| 082 |
0 |
0 |
|a 306.874
|2 21
|
| 100 |
1 |
|
|a Roots, Charles R.,
|d 1948-
|
| 245 |
1 |
4 |
|a The sandwich generation :
|b adult children caring for aging parents /
|c Charles R. Roots.
|
| 264 |
|
1 |
|a New York :
|b Garland Pub.,
|c 1998.
|
| 300 |
|
|
|a xiii, 138 pages ;
|c 23 cm.
|
| 336 |
|
|
|a text
|b txt
|2 rdacontent
|
| 337 |
|
|
|a unmediated
|b n
|2 rdamedia
|
| 338 |
|
|
|a volume
|b nc
|2 rdacarrier
|
| 490 |
1 |
|
|a Garland studies on the elderly in America
|
| 504 |
|
|
|a Includes bibliographical references (pages 127-134) and index.
|
| 650 |
|
0 |
|a Middle-aged persons
|z United States
|x Family relationships.
|
| 650 |
|
0 |
|a Adult children
|z United States
|x Family relationships.
|
| 650 |
|
0 |
|a Aging parents
|z United States
|x Family relationships.
|
| 650 |
|
0 |
|a Aging parents
|x Care
|z United States.
|
| 830 |
|
0 |
|a Garland studies on the elderly in America.
|
| 948 |
|
|
|a c:ce
|
| 999 |
|
|
|a MARS
|
| 999 |
f |
f |
|s 9a67256c-5d08-3ba0-acf1-2c810cc6ab3d
|i 1dc8107f-c7b1-3219-84a3-fad80c76f6c2
|t 0
|
| 952 |
f |
f |
|p ric
|a Texas A&M University
|b Rellis Campus
|c Joint Library Facility
|d Remote Storage
|t 0
|e HQ1059.5.U5 R66 1998
|h Library of Congress classification
|i unmediated -- volume
|m A14822490090
|
| 998 |
f |
f |
|a HQ1059.5.U5 R66 1998
|t 0
|l Remote Storage
|